[Event "RUS-chT Premier 2019"]
[Site "Sochi"]
[Date "2019.05.07"]
[Round "6.30"]
[White "Nozdrachev, Leonid"]
[Black "Gordievsky, Dmitry"]
[Result "0-1"]
[WhiteElo "2367"]
[BlackElo "2585"]
[Annotator "ChessBase"]
[PlyCount "70"]
[EventDate "2019.05.01"]
[EventType "team-tourn"]
[EventCountry "RUS"]
[SourceTitle "playchess.com"]
[Source "ChessBase"]
[SourceQuality "1"]
[TimeControl "40/5400+30:1800+30"]

1. d4 {[%emt 0:00:00]} Nf6 {[%emt 0:00:28]} 2. c4 {[%emt 0:00:00]} g6 {[%emt 0:00:51]} 3. Nc3 {[%emt 0:01:05]} d5 {[%emt 0:00:43]} 4. cxd5 {[%emt 0:00:24]} Nxd5 {[%emt 0:00:35]} 5. e4 {[%emt 0:00:35]} Nxc3 {[%emt 0:00:11]} 6. bxc3 {[%emt 0:00:17]} Bg7 {[%emt 0:00:21]} 7. Nf3 {[%emt 0:03:50]} O-O {[%emt 0:03:17]} 8. Be2 {[%emt 0:00:53]} c5 {[%emt 0:09:30]} 9. O-O {[%emt 0:00:33]} b6 {[%emt 0:04:33]} 10. Bg5 {[%emt 0:08:51]} Bb7 {[%emt 0:04:11]} 11. dxc5 {[%emt 0:10:31]} Qc7 {[%emt 0:10:11]} 12. cxb6 {[%emt 0:07:23]} axb6 {[%emt 0:00:07]} 13. e5 {[%emt 0:00:42]} Ra5 {[%emt 0:07:50]} 14. Qd4 {[%emt 0:14:36]} Nc6 {[%emt 0:15:11]} 15. Qh4 {[%emt 0:10:08]} Nxe5 {[%emt 0:00:45]} 16. Nd4 {[%emt 0:06:35]} e6 {[%emt 0:03:24]} 17. Be7 {[%emt 0:06:48]} g5 {[%emt 0:17:20]} 18. Bxg5 {[%emt 0:04:44]} Ng6 {[%emt 0:00:03]} 19. Qg4 {[%emt 0:01:23]} h5 {[%emt 0:00:41]} 20. Qxh5 {[%emt 0:03:24]} Qxc3 {[%emt 0:00:57]} 21. Rad1 {[%emt 0:14:43]} Bxd4 {[%emt 0:07:51]} 22. Qg4 {[%emt 0:01:56]} Qc5 {[%emt 0:02:09]} 23. h4 {[%emt 0:01:23]} Bg7 {[%emt 0:03:09]} 24. Bd2 {[%emt 0:00:28]} Ne5 {[%emt 0:01:06]} 25. Qg3 {[%emt 0:00:34]} Ra3 {[%emt 0:00:53]} 26. Be3 {[%emt 0:00:20]} Qc2 {[%emt 0:01:16]} 27. h5 {[%emt 0:00:51]} Qxe2 {[%emt 0:01:19]} 28. h6 {[%emt 0:00:09]} Qg4 {[%emt 0:01:52]} 29. hxg7 {[%emt 0:00:14]} Qxg7 {[%emt 0:00:04]} 30. Qxg7+ {[%emt 0:00:52]} Kxg7 {[%emt 0:00:01]} 31. Bxb6 {[%emt 0:00:33]} Rxa2 {[%emt 0:01:19]} 32. Bc5 {[%emt 0:00:28]} Rg8 {[%emt 0:00:32]} 33. Bd4 {[%emt 0:00:45]} Kh7 {[%emt 0:00:16]} 34. Bxe5 {[%emt 0:00:30]} Rxg2+ {[%emt 0:00:05]} 35. Kh1 {[%emt 0:00:05]} Rgxf2+ {[%emt 0:00:14]} 0-1

[Event "RUS-chT Premier 2019"]
[Site "Sochi"]
[Date "2019.05.08"]
[Round "7.1"]
[White "Iljiushenok, Ilia"]
[Black "Lobanov, Sergei"]
[Result "1-0"]
[WhiteElo "2534"]
[BlackElo "2513"]
[Annotator "TA"]
[PlyCount "53"]
[EventDate "2019.04.30"]
[EventType "team-tourn"]
[EventCountry "RUS"]
[SourceTitle "playchess.com"]
[Source "ChessBase"]
[SourceQuality "1"]

{[%evp 11,53,0,-7,-12,25,2,17,18,46,0,14,14,64,56,63,63,129,129,119,105,174,179,165,166,287,288,306,305,292,287,409,346,428,420,562,539,485,352,339,344,674,666,898,881]} 1. c4 e5 2. Nc3 Nf6 3. g3 Nc6 4. Bg2 Bb4 5. e4 O-O 6. Nge2 d6 7. h3 {A25: English Opening vs King's Indian with ...Nc6 but without early d3} (7. O-O Bc5 8. d3 a6 9. h3 b5 10. Kh2 bxc4 11. dxc4 Nd4 12. Qd3 a5 13. Be3 Nxe2 14. Qxe2 Nd7 15. Rad1 {½-½ (61) Klekowski,M (2506)-Wojtaszek,R (2724) Chorzow 2019}) 7... Bxc3 8. bxc3 Nd7 $146 ({Predecessor:} 8... Ne7 9. O-O Ne8 10. d4 Nc6 11. f4 f6 12. Ba3 Qe7 13. Rb1 Rf7 14. c5 {1-0 (34) Shirazi,K (2367)-Richard,E (2081) Sautron 2014}) 9. O-O {The position is equal.} Nc5 10. Ba3 Na5 11. d3 f5 12. exf5 $1 Bxf5 13. d4 exd4 (13... Ne6 $1 $14) 14. cxd4 $16 Ne4 15. Rc1 Nf6 (15... Qe7 $16) 16. Nf4 $18 Qd7 17. d5 b6 (17... Rae8 {was worth a try.} 18. Bb2 Qf7) 18. g4 Be4 {White should prevent ...Nxg4.} 19. f3 Bg6 20. Ne6 Rfe8 (20... Rae8 $142 21. Nxf8 Kxf8) 21. Re1 b5 22. cxb5 Qxb5 23. Nxc7 {[%mdl 64] [#] Double Attack} Qb6+ 24. Kh1 Rxe1+ 25. Qxe1 Rd8 $2 (25... Rb8 26. f4 Nb7) 26. Bb4 Nb7 27. Rc6 {Accuracy: White = 77%, Black = 21%.} 1-0

[Event "RUS-chT Premier 2019"]
[Site "Sochi"]
[Date "2019.05.08"]
[Round "7.2"]
[White "Usmanov, Vasily"]
[Black "Nozdrachev, Vladislav"]
[Result "1-0"]
[WhiteElo "2437"]
[BlackElo "2489"]
[Annotator "TA"]
[PlyCount "111"]
[EventDate "2019.04.30"]
[EventType "team-tourn"]
[EventCountry "RUS"]
[SourceTitle "playchess.com"]
[Source "ChessBase"]
[SourceQuality "1"]

{[%evp 16,111,17,10,16,0,0,15,9,0,25,14,15,0,0,-3,0,0,0,0,0,-1,0,-10,0,-18,16,4,10,12,6,11,14,0,2,0,0,0,0,-11,-3,-7,0,0,0,0,0,0,662,608,591,621,567,462,454,453,443,435,411,301,320,313,318,314,343,242,412,412,391,396,343,336,329,322,329,329,367,258,316,306,405,389,514,493,542,534,587,579,565,563,558,524,500,477,6908,5409,1963,1693]} 1. Nf3 Nf6 2. g3 d5 3. Bg2 e6 4. O-O Be7 5. c4 O-O 6. d4 dxc4 7. Qc2 a6 8. a4 c5 9. dxc5 Bxc5 {E05: Open Catalan: 5 Nf3 Be7} 10. Qxc4 (10. Nbd2 b5 11. axb5 Bb7 12. Nxc4 axb5 13. Rxa8 Bxa8 14. Nce5 Bd6 15. Rd1 Qc7 16. Qxc7 Bxc7 17. Bg5 {½-½ (49) Yu,Y (2765)-So,W (2776) Batumi 2018}) 10... b6 11. Ne5 Ra7 $1 {The position is equal.} 12. Nc3 Bb7 13. Bxb7 Rxb7 14. Bf4 Rc7 $146 {...Bxf2+! is the strong threat.} ({Predecessor:} 14... Qc8 15. Rad1 Ng4 16. Qe4 Nxe5 17. Bxe5 {½-½ (35) Tukmakov,V (2520)-Flear,G (2470) Bern 1991}) 15. Rad1 Qc8 {aiming for ...Bxf2+!} 16. Qb3 Nc6 17. Nxc6 Rxc6 18. Rd3 h6 19. Kg2 Re8 20. Rfd1 Bf8 21. e4 Rc4 22. f3 b5 23. axb5 axb5 24. Be5 b4 25. Bxf6 gxf6 26. Ne2 Qc5 27. Nf4 Rc8 28. Rd8 Rxd8 29. Rxd8 Rc1 30. Kh3 Rh1 {Hoping for ...Qf2.} 31. Qd3 Kg7 $2 {[%mdl 8192] [#]} (31... Qf2 $11 32. Rxf8+ Kxf8 33. Qd8+ {[%mdl 64] Double Attack} Kg7 $1 {[%mdl 512]} 34. Nh5+ Kh7 $1 {[%mdl 512]} 35. Nxf6+ Kg7 36. Nh5+ Kh7 $1 {[%mdl 512]} 37. Nf6+ Kg7 38. Nh5+ Kh7 $1 {[%mdl 512]} 39. Nf6+) 32. Qd7 $1 $18 {[%mdl 512] Nxe6+ would kill now.} Qe7 {Black hopes to continue with ...Qxd7.} 33. Nh5+ Kh7 34. Qxe7 Bxe7 {[%mdl 4096] Endgame KRB-KRN} 35. Rd7 Bc5 36. Rxf7+ {[%mdl 64] Double Attack} Kg8 37. Rc7 Bd4 38. Rc4 Bxb2 39. Rxb4 Bc3 40. Rc4 Bb2 $2 (40... Be5 {was called for.} 41. f4 Bb2) 41. Rc8+ Kf7 42. Rc7+ Kg8 43. Re7 f5 44. Rxe6 fxe4 45. Rxe4 ({Don't do} 45. fxe4 Kh7 $18) 45... Kf7 46. Nf4 Bf6 47. Ra4 Bg5 48. Ra7+ Kg8 49. Nd5 {White is clearly winning.} Bd2 50. f4 Rc1 51. Kg4 Kf8 52. Rh7 Rc5 53. Ne7 h5+ 54. Kh4 Bxf4 (54... Ra5 $142 55. Ng6+ Kg8) 55. gxf4 Rc7 56. Kg5 {Accuracy: White = 65%, Black = 56%.} 1-0

[Event "RUS-chT Premier 2019"]
[Site "Sochi"]
[Date "2019.05.08"]
[Round "7.3"]
[White "Geller, Jakov"]
[Black "Pershin, Denis"]
[Result "1/2-1/2"]
[WhiteElo "2518"]
[BlackElo "2409"]
[Annotator "RC"]
[PlyCount "81"]
[EventDate "2019.04.30"]
[EventType "team-tourn"]
[EventCountry "RUS"]
[SourceTitle "playchess.com"]
[Source "ChessBase"]
[SourceQuality "1"]
[TimeControl "40/5400+30:1800+30"]

1. e4 {[%emt 0:00:00]} c6 {[%emt 0:00:00]} 2. d4 {[%emt 0:00:00]} d5 {[%emt 0:00:00]} 3. e5 {[%emt 0:00:13]} Bf5 {[%emt 0:00:00]} 4. Nd2 {[%emt 0:00:51]} e6 {[%emt 0:00:17]} 5. Nb3 {[%emt 0:00:14]} Nd7 {[%emt 0:01:08]} 6. Be2 {[%emt 0:01:33]} c5 {[%emt 0:01:07]} 7. Nxc5 {[%emt 0:03:06]} Bxc5 {[%emt 0:01:42]} 8. dxc5 {[%emt 0:00:08]} Nxc5 {[%emt 0:01:43]} 9. Be3 {[%emt 0:01:43]} Nd7 {[%emt 0:00:37]} 10. f4 {[%emt 0:01:02]} Ne7 {[%emt 0:01:11]} 11. Nf3 {[%emt 0:00:13]} O-O {[%emt 0:02:30]} 12. O-O {[%emt 0:00:42]} Nc6 {[%emt 0:13:37]} 13. Bd3 {[%emt 0:08:54]} Bxd3 {[%emt 0:00:46]} 14. cxd3 {[%emt 0:00:07]} Rc8 {[%emt 0:02:10]} 15. Qb3 {[%emt 0:04:18]} b6 {[%emt 0:15:13]} 16. Rac1 {[%emt 0:05:49]} Qe7 {[%emt 0:03:10]} 17. Nd4 {[%emt 0:13:44]} Nxd4 {[%emt 0:00:59]} 18. Bxd4 {[%emt 0:00:05]} Nb8 {[%emt 0:01:57]} 19. Qa4 {[%emt 0:04:20]} Qb7 {[%emt 0:03:16]} 20. Bc3 {[%emt 0:05:46]} b5 {[%emt 0:04:05]} 21. Qd4 {[%emt 0:03:30]} Nc6 {[%emt 0:00:22]} 22. Qe3 {[%emt 0:02:11]} Ne7 {[%emt 0:07:07]} 23. a3 {[%emt 0:02:55]} Nf5 {[%emt 0:16:05]} 24. Qf2 {[%emt 0:01:10]} h5 {[%emt 0:02:02]} 25. d4 {[%emt 0:12:08]} Qb6 {[%emt 0:00:33]} 26. Bb4 {[%emt 0:01:24]} Rxc1 {[%emt 0:07:07]} 27. Rxc1 {[%emt 0:00:09]} Rb8 {[%emt 0:00:26]} 28. Bc5 {[%emt 0:00:50]} Qa5 {[%emt 0:00:12]} 29. Rc3 {[%emt 0:03:05]} Qa4 {[%emt 0:01:46]} 30. b3 {[%emt 0:01:33]} Qa5 {[%emt 0:00:05]} 31. Rh3 {[%emt 0:01:29]} g6 {[%emt 0:00:15]} 32. Rd3 {[%emt 0:01:26]} Rc8 {[%emt 0:00:51]} 33. g3 {[%emt 0:01:14]} Qd8 {[%emt 0:00:44]} 34. Qe2 {[%emt 0:03:16]} a5 {[%emt 0:00:33]} 35. Rd1 {[%emt 0:00:42]} Rb8 {[%emt 0:03:33]} 36. Kf2 {[%emt 0:00:16]} a4 {[%emt 0:00:06]} 37. b4 {[%emt 0:00:21]} Kg7 {[%emt 0:00:06]} 38. Rg1 {[%emt 0:00:57]} Qd7 {[%emt 0:00:28]} 39. Qd3 {[%emt 0:01:42]} Rh8 {[%emt 0:00:51]} 40. Ke1 {[%emt 0:00:00]} Kg8 {[%emt 0:00:00]} 41. Kd2 {[%emt 0:03:03]} 1/2-1/2

[Event "RUS-chT Premier 2019"]
[Site "Sochi"]
[Date "2019.05.08"]
[Round "7.4"]
[White "Shubin, Kirill"]
[Black "Chernobay, Artem"]
[Result "1/2-1/2"]
[WhiteElo "2404"]
[BlackElo "2503"]
[Annotator "RC"]
[PlyCount "96"]
[EventDate "2019.04.30"]
[EventType "team-tourn"]
[EventCountry "RUS"]
[SourceTitle "playchess.com"]
[Source "ChessBase"]
[SourceQuality "1"]
[TimeControl "40/5400+30:1800+30"]

1. e4 {[%emt 0:00:00]} c5 {[%emt 0:00:00]} 2. Nf3 {[%emt 0:00:00]} e6 {[%emt 0:00:00]} 3. g3 {[%emt 0:00:00]} Nc6 {[%emt 0:00:00]} 4. Bg2 {[%emt 0:00:00]} Nf6 {[%emt 0:00:10]} 5. Qe2 {[%emt 0:00:00]} e5 {[%emt 0:00:18]} 6. O-O {[%emt 0:00:00]} d6 {[%emt 0:00:10]} 7. c3 {[%emt 0:00:00]} Be7 {[%emt 0:06:57]} 8. Rd1 {[%emt 0:00:24]} O-O {[%emt 0:01:33]} 9. d4 {[%emt 0:00:02]} cxd4 {[%emt 0:02:48]} 10. cxd4 {[%emt 0:00:17]} exd4 {[%emt 0:01:46]} 11. Nxd4 {[%emt 0:02:53]} Bg4 {[%emt 0:05:24]} 12. Bf3 {[%emt 0:01:17]} Nxd4 {[%emt 0:15:45]} 13. Rxd4 {[%emt 0:00:07]} Qb6 {[%emt 0:03:47]} 14. Rd1 {[%emt 0:00:32]} Be6 {[%emt 0:01:30]} 15. Be3 {[%emt 0:04:01]} Qa5 {[%emt 0:00:55]} 16. Nc3 {[%emt 0:00:54]} a6 {[%emt 0:02:44]} 17. Rd4 {[%emt 0:07:26]} Rac8 {[%emt 0:02:13]} 18. Bf4 {[%emt 0:03:49]} Rfd8 {[%emt 0:15:59]} 19. Rad1 {[%emt 0:00:33]} Ne8 {[%emt 0:01:18]} 20. Nd5 {[%emt 0:04:16]} Bxd5 {[%emt 0:04:58]} 21. Rxd5 {[%emt 0:00:17]} Qb6 {[%emt 0:00:46]} 22. Bg4 {[%emt 0:04:30]} Ra8 {[%emt 0:03:52]} 23. Be3 {[%emt 0:00:21]} Qc6 {[%emt 0:00:55]} 24. Rc1 {[%emt 0:03:14]} Qa4 {[%emt 0:00:05]} 25. Bb6 {[%emt 0:01:28]} Rdb8 {[%emt 0:02:59]} 26. b3 {[%emt 0:00:20]} Qa3 {[%emt 0:00:09]} 27. Rc4 {[%emt 0:04:18]} Bd8 {[%emt 0:04:34]} 28. Ra5 {[%emt 0:01:27]} Qxa5 {[%emt 0:00:03]} 29. Bxa5 {[%emt 0:00:06]} Bxa5 {[%emt 0:00:02]} 30. Qc2 {[%emt 0:01:29]} d5 {[%emt 0:04:39]} 31. exd5 {[%emt 0:02:37]} Nd6 {[%emt 0:00:03]} 32. Rf4 {[%emt 0:07:45]} Bb6 {[%emt 0:00:19]} 33. Qc3 {[%emt 0:04:35]} a5 {[%emt 0:00:10]} 34. h4 {[%emt 0:01:25]} Re8 {[%emt 0:00:43]} 35. h5 {[%emt 0:00:37]} h6 {[%emt 0:02:36]} 36. Kg2 {[%emt 0:04:57]} Re7 {[%emt 0:01:29]} 37. a4 {[%emt 0:00:29]} Rae8 {[%emt 0:00:28]} 38. b4 {[%emt 0:00:28]} Ne4 {[%emt 0:03:41]} 39. Qd3 {[%emt 0:03:29]} Bc7 {[%emt 0:09:51]} 40. Rxe4 {[%emt 0:00:00]} Rxe4 {[%emt 0:00:00]} 41. d6 {[%emt 0:00:42]} Bxd6 {[%emt 0:00:32]} 42. Bd7 {[%emt 0:02:33]} Bxb4 {[%emt 0:00:19]} 43. Bxe8 {[%emt 0:00:17]} Rxe8 {[%emt 0:00:04]} 44. f4 {[%emt 0:00:55]} b6 {[%emt 0:06:35]} 45. Qd7 {[%emt 0:01:27]} Re6 {[%emt 0:01:52]} 46. Qc8+ {[%emt 0:00:17]} Kh7 {[%emt 0:00:52]} 47. Qd7 {[%emt 0:00:49]} Kg8 {[%emt 0:01:55]} 48. Kf3 {[%emt 0:00:31]} Bc5 {[%emt 0:01:32] Ke4} 1/2-1/2

[Event "RUS-chT Premier 2019"]
[Site "Sochi"]
[Date "2019.05.08"]
[Round "7.5"]
[White "Bykov, Oleg"]
[Black "Saveliev, Alexei"]
[Result "1-0"]
[WhiteElo "2395"]
[BlackElo "2367"]
[Annotator "NA RC"]
[PlyCount "87"]
[EventDate "2019.04.30"]
[EventType "team-tourn"]
[EventCountry "RUS"]
[SourceTitle "playchess.com"]
[Source "ChessBase"]
[SourceQuality "1"]
[TimeControl "40/5400+30:1800+30"]

1. d4 {[%emt 0:00:00]} Nf6 {[%emt 0:00:00]} 2. c4 {[%emt 0:00:00]} e6 {[%emt 0:00:00]} 3. Nc3 {[%emt 0:00:26]} Bb4 {[%emt 0:00:00]} 4. Qc2 {[%emt 0:00:05]} d5 {[%emt 0:00:01]} 5. cxd5 {[%emt 0:00:11]} exd5 {[%emt 0:00:04]} 6. Bg5 {[%emt 0:00:15]} h6 {[%emt 0:00:07]} 7. Bh4 {[%emt 0:00:04]} O-O {[%emt 0:00:11]} 8. e3 {[%emt 0:00:24]} Be6 {[%emt 0:01:33]} 9. Bd3 {[%emt 0:09:00]} c6 {[%emt 0:06:28]} 10. Nge2 {[%emt 0:02:54]} Bd6 {[%emt 0:03:09]} 11. Bg3 {[%emt 0:08:43]} Re8 {[%emt 0:01:06]} 12. O-O {[%emt 0:02:26]} Bxg3 {[%emt 0:07:02]} 13. Nxg3 {[%emt 0:00:41]} Qd6 {[%emt 0:01:25]} 14. Rab1 {[%emt 0:05:32]} Nbd7 {[%emt 0:01:32]} 15. b4 {[%emt 0:00:26]} Rac8 {[%emt 0:04:44]} 16. f3 {[%emt 0:05:37]} Nf8 {[%emt 0:10:58]} 17. Nce2 {[%emt 0:04:47]} b6 {[%emt 0:10:44]} 18. e4 {[%emt 0:05:44]} dxe4 {[%emt 0:01:24]} 19. fxe4 {[%emt 0:00:05]} Ng4 {[%emt 0:00:13]} 20. Qd2 {[%emt 0:02:35]} Red8 {[%emt 0:10:44]} 21. Rbd1 {[%emt 0:03:25]} c5 {[%emt 0:02:36]} 22. h3 {[%emt 0:11:33]} c4 {[%emt 0:00:00]} 23. Bc2 {[%emt 0:04:07]} Ne5 {[%emt 0:01:48]} 24. Qc3 {[%emt 0:11:08]} Nd3 {[%emt 0:07:39]} 25. Nh5 {[%emt 0:00:30]} f6 26. a3 {[%emt 0:03:32]} Nh7 {[%emt 0:10:12]} 27. Bxd3 {[%emt 0:02:30]} cxd3 {[%emt 0:00:47]} 28. Qxd3 {[%emt 0:00:02]} Bc4 {[%emt 0:01:10]} 29. Qe3 {[%emt 0:00:11]} Re8 {[%emt 0:02:22]} 30. Rfe1 {[%emt 0:02:46]} Bf7 {[%emt 0:03:41]} 31. Nhg3 {[%emt 0:00:18]} Rc2 {[%emt 0:02:15]} 32. Nf5 {[%emt 0:01:53]} Qc7 {[%emt 0:00:24]} 33. d5 {[%emt 0:03:23]} Ng5 {[%emt 0:03:26]} 34. d6 {[%emt 0:01:38]} Qd7 {[%emt 0:01:51]} 35. Neg3 {[%emt 0:01:43]} Re5 {[%emt 0:01:27]} 36. h4 {[%emt 0:01:05]} Ne6 {[%emt 0:01:27]} 37. Rc1 {[%emt 0:02:30]} Ra2 {[%emt 0:01:48]} 38. Ne7+ {[%emt 0:01:23]} Kh7 {[%emt 0:00:26]} 39. Ngf5 {[%emt 0:00:57]} Bh5 {[%emt 0:02:44]} 40. Qg3 {[%emt 0:00:00]} g6 {[%emt 0:00:00]} 41. Nd5 {[%emt 0:09:06]} Qf7 {[%emt 0:04:28]} 42. Nd4 {[%emt 0:03:31]} Ng7 {[%emt 0:02:16]} 43. Rc7 {[%emt 0:01:19]} Qf8 {[%emt 0:00:05]} 44. Rf1 {[%emt 0:01:10]} 1-0

[Event "RUS-chT Premier 2019"]
[Site "Sochi"]
[Date "2019.05.08"]
[Round "7.6"]
[White "Timerkhanov, Alexander"]
[Black "Ofitserian, Boris"]
[Result "1/2-1/2"]
[WhiteElo "2366"]
[BlackElo "2413"]
[Annotator "RC"]
[PlyCount "165"]
[EventDate "2019.04.30"]
[EventType "team-tourn"]
[EventCountry "RUS"]
[SourceTitle "playchess.com"]
[Source "ChessBase"]
[SourceQuality "1"]
[TimeControl "40/5400+30:1800+30"]

1. d4 {[%emt 0:00:00]} Nf6 {[%emt 0:00:00]} 2. Bg5 {[%emt 0:00:00]} d5 {[%emt 0:00:00]} 3. Nd2 {[%emt 0:00:00]} g6 {[%emt 0:00:03]} 4. Bxf6 {[%emt 0:06:53]} exf6 {[%emt 0:00:04]} 5. g3 {[%emt 0:00:36]} c6 {[%emt 0:00:02]} 6. e3 {[%emt 0:01:33]} Bd6 {[%emt 0:00:22]} 7. Bg2 {[%emt 0:00:59]} Be6 {[%emt 0:00:21]} 8. Ne2 {[%emt 0:00:51]} Nd7 {[%emt 0:01:19]} 9. Nf4 {[%emt 0:11:39]} Bxf4 {[%emt 0:15:29]} 10. exf4 {[%emt 0:00:22]} Qb6 {[%emt 0:00:42]} 11. Nb3 {[%emt 0:00:51]} a5 {[%emt 0:00:16]} 12. a4 {[%emt 0:00:39]} h5 {[%emt 0:01:08]} 13. h3 {[%emt 0:14:45]} Kf8 {[%emt 0:06:18]} 14. O-O {[%emt 0:01:22]} h4 {[%emt 0:08:34]} 15. g4 {[%emt 0:00:39]} f5 {[%emt 0:00:11]} 16. g5 {[%emt 0:01:00]} Kg7 {[%emt 0:00:05]} 17. Re1 {[%emt 0:01:19]} Rhe8 {[%emt 0:09:40]} 18. Qd2 {[%emt 0:10:23]} Qc7 {[%emt 0:19:50]} 19. Nc1 {[%emt 0:06:43]} c5 {[%emt 0:06:21]} 20. dxc5 {[%emt 0:03:43]} Nxc5 {[%emt 0:00:05]} 21. Qc3+ {[%emt 0:02:05]} Kg8 {[%emt 0:01:10]} 22. Nd3 {[%emt 0:10:57]} Rac8 {[%emt 0:00:32]} 23. Ne5 {[%emt 0:00:25]} Nd7 {[%emt 0:05:43]} 24. Qxc7 {[%emt 0:07:08]} Rxc7 {[%emt 0:00:02]} 25. c3 {[%emt 0:01:00]} Nxe5 {[%emt 0:18:17]} 26. Rxe5 {[%emt 0:00:04]} Rd8 {[%emt 0:01:33]} 27. Rd1 {[%emt 0:07:22]} Rc5 {[%emt 0:01:04]} 28. Rd4 {[%emt 0:00:53]} b6 {[%emt 0:02:39]} 29. Re3 {[%emt 0:02:06]} Rc4 {[%emt 0:00:59]} 30. Red3 {[%emt 0:00:37]} Rd7 {[%emt 0:01:29]} 31. Kf1 {[%emt 0:00:56]} Kf8 {[%emt 0:00:23]} 32. Ke2 {[%emt 0:00:10]} Ke7 {[%emt 0:00:32]} 33. Ke3 {[%emt 0:00:41]} Rxd4 {[%emt 0:00:43]} 34. Kxd4 {[%emt 0:00:47]} Kd6 {[%emt 0:00:12]} 35. Re3 {[%emt 0:01:09]} Rc7 {[%emt 0:00:22]} 36. Bf1 {[%emt 0:00:41]} Bd7 {[%emt 0:00:50]} 37. b3 {[%emt 0:00:37]} Rc5 {[%emt 0:00:09]} 38. Re5 {[%emt 0:00:21]} Bc6 {[%emt 0:00:49]} 39. Be2 {[%emt 0:04:29]} Kd7 {[%emt 0:00:32]} 40. Bd3 {[%emt 0:00:00]} Kd6 {[%emt 0:00:00]} 41. Re1 {[%emt 0:03:05]} Bd7 {[%emt 0:01:24]} 42. Bf1 {[%emt 0:05:20]} Be6 {[%emt 0:01:47]} 43. Bb5 {[%emt 0:01:54]} Rc8 {[%emt 0:02:12]} 44. Bd3 {[%emt 0:03:05]} Bd7 {[%emt 0:00:57]} 45. Re5 {[%emt 0:00:37]} Be6 {[%emt 0:00:05]} 46. Bb5 {[%emt 0:01:36]} Rc5 {[%emt 0:01:08]} 47. Re3 {[%emt 0:02:30]} Rc7 {[%emt 0:00:41]} 48. Re2 {[%emt 0:00:29]} Rc8 {[%emt 0:00:36]} 49. Rb2 {[%emt 0:00:43]} Rc7 {[%emt 0:00:47]} 50. Rb1 {[%emt 0:03:02]} Rc8 {[%emt 0:01:40]} 51. Rb2 {[%emt 0:03:23]} Rc7 {[%emt 0:00:14]} 52. b4 {[%emt 0:00:29]} Bd7 {[%emt 0:00:38]} 53. bxa5 {[%emt 0:02:16]} bxa5 {[%emt 0:00:11]} 54. Bd3 {[%emt 0:04:02]} Bxa4 {[%emt 0:00:12]} 55. Ra2 {[%emt 0:00:04]} Bb3 {[%emt 0:00:16]} 56. Rxa5 {[%emt 0:00:18]} Bc4 {[%emt 0:00:04]} 57. Ra4 {[%emt 0:00:51]} Bxd3 {[%emt 0:01:36]} 58. Kxd3 {[%emt 0:00:01]} Rb7 {[%emt 0:03:12]} 59. Ra6+ {[%emt 0:00:24]} Ke7 {[%emt 0:00:31]} 60. Ra2 {[%emt 0:02:11]} Rc7 {[%emt 0:02:05]} 61. Ra4 {[%emt 0:02:38]} Rb7 {[%emt 0:00:51]} 62. Kd4 {[%emt 0:01:10]} Rb2 {[%emt 0:00:47]} 63. f3 {[%emt 0:00:38]} Rh2 {[%emt 0:01:16]} 64. Ke5 {[%emt 0:01:44]} Rxh3 {[%emt 0:00:14]} 65. Ra7+ {[%emt 0:00:03]} Ke8 {[%emt 0:00:19]} 66. Kf6 {[%emt 0:00:20]} Rxf3 {[%emt 0:00:17]} 67. Re7+ {[%emt 0:00:29]} Kd8 {[%emt 0:00:24]} 68. Rxf7 {[%emt 0:00:04]} Rxf4 {[%emt 0:01:12]} 69. Kxg6 {[%emt 0:00:03]} Ke8 {[%emt 0:09:18]} 70. Kf6 {[%emt 0:03:09]} Rc4 {[%emt 0:04:44]} 71. g6 {[%emt 0:00:12]} Rc6+ {[%emt 0:01:16]} 72. Kg7 {[%emt 0:00:48]} Rxc3 {[%emt 0:03:09]} 73. Rxf5 {[%emt 0:00:57]} h3 {[%emt 0:02:03]} 74. Kh7 {[%emt 0:00:29]} Rg3 {[%emt 0:01:29]} 75. Rh5 {[%emt 0:00:53]} Kf8 {[%emt 0:00:31]} 76. Rf5+ {[%emt 0:00:20]} Ke7 {[%emt 0:00:08]} 77. Rxd5 {[%emt 0:00:33]} h2 {[%emt 0:00:19]} 78. Rh5 {[%emt 0:00:16]} Rg2 {[%emt 0:00:33]} 79. g7 {[%emt 0:00:54]} Kf7 {[%emt 0:00:10]} 80. Rf5+ {[%emt 0:00:04]} Ke7 {[%emt 0:00:23]} 81. Rh5 {[%emt 0:00:34]} Kf7 {[%emt 0:00:06]} 82. Kh8 {[%emt 0:00:54]} Rxg7 {[%emt 0:00:12]} 83. Rxh2 {[%emt 0:00:08]} 1/2-1/2

[Event "RUS-chT Premier 2019"]
[Site "Sochi"]
[Date "2019.05.08"]
[Round "7.7"]
[White "Artemiev, Vladislav"]
[Black "Inarkiev, Ernesto"]
[Result "1-0"]
[WhiteElo "2754"]
[BlackElo "2691"]
[Annotator "TA"]
[PlyCount "87"]
[EventDate "2019.04.30"]
[EventType "team-tourn"]
[EventCountry "RUS"]
[SourceTitle "playchess.com"]
[Source "ChessBase"]
[SourceQuality "1"]

{[%evp 17,87,8,0,0,12,8,0,3,9,0,10,12,12,12,14,8,19,5,6,3,45,38,37,42,45,34,30,33,33,35,35,27,28,20,20,15,28,27,152,143,133,154,216,216,252,149,165,168,551,500,582,560,1152,853,961,1012,29974,29975,29973,29975,29977,29978,29978,29979,29980,29981,29983,29982,29984,29985,29985,29986]} 1. c4 c5 2. g3 Nf6 3. Bg2 d5 4. cxd5 Nxd5 5. Nf3 Nc6 6. d4 cxd4 7. Nxd4 Ndb4 8. Nxc6 Qxd1+ 9. Kxd1 Nxc6 10. Nc3 {A30: Symmetrical English: Double Fianchetto and Hedgehog} Bd7 11. Be3 g6 12. Ke1 {The position is equal.} Bg7 13. Rc1 {[#]} f5 $146 ({Predecessor:} 13... O-O 14. f4 e5 15. Kf2 exf4 16. gxf4 Be6 17. Rhd1 Rfd8 18. Rxd8+ Rxd8 19. Bxc6 bxc6 {½-½ (28) Jakovenko,D (2709)-Nepomniachtchi,I (2749) Sharjah 2017}) 14. f4 Kf7 15. Kf2 Rac8 16. Rhd1 Be6 17. Nd5 Rhd8 18. b4 Bd4 (18... Bb2 {feels hotter.} 19. Rc2 Ba3 20. b5 Na5 21. Rxc8 Rxc8 22. Bxa7 Nc4) 19. Bxd4 ({Worse is} 19. Rxd4 Nxd4 20. Rxc8 Bxc8 $17) 19... Bxd5 20. Bb6 $1 {[%cal Rb6d8]} axb6 21. Rxd5 Nxb4 22. Rxc8 Rxc8 $14 {[%mdl 4096] Endgame KRB-KRN} 23. Rb5 Nc6 24. Rxb6 Nd8 25. Ke3 e6 26. Kd3 Ke7 27. a4 Rc1 (27... Kd7 $11 {remains equal.}) 28. Bxb7 $16 Ra1 29. Rb4 Nxb7 (29... h6 $16 30. Bf3 g5) 30. Rxb7+ {KR-KR} Kf6 31. Rb4 ({Weaker is} 31. Rxh7 Ra3+ 32. Kd2 Ra2+ 33. Ke1 Rxa4 $16) (31. Ra7 $18) 31... Ra2 32. Kc4 Rxe2 $2 {[#]} (32... e5 33. Kb3 Ra1 34. Rb6+ Ke7 35. Rb7+ Ke6 36. Rxh7 Rb1+ 37. Kc3 Rc1+ 38. Kb3 Rb1+ 39. Kc3 Rc1+ 40. Kd3 Rd1+ 41. Kc4 Rc1+ 42. Kd3 Rd1+ 43. Kc4 Rc1+ 44. Kd3) 33. a5 $18 e5 34. a6 exf4 35. gxf4 g5 36. Ra4 Re4+ 37. Kb5 {White mates.} Re8 38. a7 gxf4 39. a8=Q Rxa8 40. Rxa8 Ke5 41. Kc4 Ke4 42. Re8+ Kf3 43. Kd3 Kg2 44. Rf8 {Accuracy: White = 68%, Black = 43%.} 1-0